Transformaciones del empleo y el trabajo en el contexto de los procesos de ajuste /
Guardado en:
| Autor principal: | |
|---|---|
| Formato: | Texto |
| Materias: | |
| Etiquetas: |
Agregar Etiqueta
Sin Etiquetas, Sea el primero en etiquetar este registro!
|
MARC
| LEADER | 00000 a a2200000 04500 | ||
|---|---|---|---|
| 001 | 2538 | ||
| 003 | |||
| 040 | |||
| 100 | |a Abramo, Laís | ||
| 245 | |a Transformaciones del empleo y el trabajo en el contexto de los procesos de ajuste / |c Laís Abramo | ||
| 500 | |a Reproducción del Capítulo 1 del documento "Mercados laborales, encadenamientos productivos y políticas de empleo en América Latina" | ||
| 650 | |a POLITICAS SOCIALES | ||
| 650 | |a EMPLEO | ||
| 650 | |a DESEMPLEO | ||
| 650 | |a MERCADO DE TRABAJO | ||
| 650 | |a SALARIOS | ||
| 650 | |a DESEMPLEO | ||
| 650 | |a SALARIOS | ||
| 650 | |a EMPLEO | ||
| 650 | |a MERCADO DE TRABAJO | ||
| 773 | |g número 52; páginas 35-47 | ||
| 999 | |c 24099 |d 24099 | ||
